MARC

LEADER 00000nam0a2200000 4500
001 367837
005 20231102012026.0
035 |a (RuTPU)RU\TPU\retro\25200 
090 |a 367837 
100 |a 20220323d1978 km y0rusy50 ca 
101 0 |a rus 
102 |a RU 
105 |a a z 001zy 
200 1 |a Скважинные ядерно-геофизические исследования на месторождениях нефти, газа и твердых полезных ископаемых  |f Всесоюзный научно-исследовательский институт ядерной геофизики и геохимии ; отв. ред. И. Е. Колжел 
210 |a Москва  |c Изд-во ВНИИЯГГ  |d 1978 
215 |a 138 с.  |c ил. 
225 1 |a Новые методы исследования скважин, керна, шлама 
320 |a Библиогр. в конце ст. 
606 1 |a Нефтегазоносность  |x Исследование  |2 stltpush  |3 (RuTPU)RU\TPU\subj\45601  |9 64794 
610 1 |a скважинные исследования 
610 1 |a ядерные исследования 
610 1 |a геофизические исследования 
610 1 |a нефть 
610 1 |a газ 
610 1 |a твердые полезные ископаемые 
610 1 |a керн 
610 1 |a экономическая эффективность 
610 1 |a шлемы 
675 |a 553.98.08  |v 4 
702 1 |a Колжел  |b И. Е.  |4 340 
712 0 2 |a Всесоюзный научно-исследовательский институт ядерной геофизики и геохимии  |c (Москва)  |c (1961-1986)  |2 stltpush  |3 (RuTPU)RU\TPU\col\7668  |9 24362 
801 1 |a RU  |b 63413507  |c 20220323 
942 |c BK